[Event "BRA-ch (Women) 58th"]
[Site "Rio de Janeiro"]
[Date "2019.02.16"]
[Round "1.1"]
[White "Tamarozi, Isabelle"]
[Black "Kanzler, Karina Daniela Ferr"]
[Result "0-1"]
[WhiteElo "1937"]
[BlackElo "1913"]
[PlyCount "86"]
[EventDate "2019.02.16"]
[EventType "k.o."]
[EventRounds "4"]
[EventCountry "BRA"]
[SourceTitle "CBM 189 Extra"]
[Source "ChessBase"]
[SourceDate "2019.05.31"]
[SourceVersion "1"]
[SourceVersionDate "2019.05.31"]
[SourceQuality "1"]

1. e4 e6 2. d4 b6 3. Nc3 Bb7 4. Be3 Nf6 5. Bd3 Bb4 6. f3 Bxc3+ 7. bxc3 d6 8. h4 Nbd7 9. Nh3 h6 10. Qe2 Nh5 11. Qf2 Qe7 12. g4 Nhf6 13. Kd2 a6 14. a4 e5 15. Qg2 a5 16. g5 hxg5 17. hxg5 Nh5 18. d5 g6 19. f4 0-0-0 20. Raf1 exf4 21. Nxf4 Nxf4 22. Rxf4 Rxh1 23. Qxh1 Ne5 24. Be2 Kb8 25. Rf6 Re8 26. Qh7 Nc4+ 27. Bxc4 Qxe4 28. Bf2 Qxc4 29. Rxf7 Qxd5+ 30. Kc1 Qh1+ 31. Qxh1 Bxh1 32. Kd2 Be4 33. Rf6 Bf5 34. Bd4 Re4 35. Rf8+ Kb7 36. Rf7 Rg4 37. Bf6 Rxa4 38. Bd8 Rc4 39. Be7 Rc6 40. Kc1 Rxc3 41. Bxd6 Rxc2+ 42. Kd1 Rc4 43. Be5 a4 0-1

[Event "Florianopolis op 5th"]
[Site "Florianopolis"]
[Date "2019.01.27"]
[Round "10"]
[White "Martins, Anderson"]
[Black "Kanzler, Karina Daniela Ferr"]
[Result "0-1"]
[WhiteElo "2036"]
[BlackElo "1856"]
[PlyCount "130"]
[EventDate "2019.01.21"]
[EventType "swiss"]
[EventRounds "10"]
[EventCountry "BRA"]
[SourceTitle "EXT 2020"]
[Source "ChessBase"]
[SourceDate "2019.10.17"]
[SourceVersion "1"]
[SourceVersionDate "2019.10.17"]
[SourceQuality "1"]

1. d4 Nf6 2. c4 e6 3. Nf3 b6 4. a3 Bb7 5. Nc3 d6 6. d5 exd5 7. cxd5 Nbd7 8. Bg5 Be7 9. e4 0-0 10. Bc4 Re8 11. 0-0 h6 12. Bf4 Nh5 13. Be3 Nhf6 14. Nd4 Ne5 15. Bb5 Rf8 16. h3 a6 17. Be2 Qe8 18. Nf5 Kh7 19. Qd2 Ng8 20. f4 Ng6 21. Rae1 Bf6 22. Bd3 Qd7 23. Qf2 N8e7 24. Nd4 Bh4 25. g3 Bf6 26. Qg2 c5 27. Nf3 b5 28. e5 dxe5 29. fxe5 Bg5 30. Bxg5 hxg5 31. Nxg5+ Kg8 32. Qe2 f6 33. Ne6 Nxe5 34. Nxc5 Qxh3 35. Nxb7 Qxg3+ 36. Qg2 Qxd3 37. d6 Qd4+ 38. Rf2 N7c6 39. Rd1 Qg4 40. d7 Qxg2+ 41. Kxg2 Nd8 42. Nc5 Rf7 43. Rd6 Nc4 44. Rxa6 Rxa6 45. Nxa6 Rxd7 46. Nxb5 Ne6 47. a4 Ng5 48. Nc5 Rd5 49. b4 Ne3+ 50. Kg3 Nf5+ 51. Rxf5 Rxf5 52. a5 Ne4+ 53. Nxe4 Rxb5 54. a6 Rxb4 55. Nc5 Rb8 56. Kf4 Kf7 57. Ne4 Ra8 58. Nd6+ Ke6 59. Nb5 Kd7 60. a7 Kc6 61. Nd4+ Kb6 62. Kf5 Rxa7 63. Kg6 Kc5 64. Ne6+ Kd6 65. Nxg7 Rxg7+ 0-1

[Event "Florianopolis op 5th"]
[Site "Florianopolis"]
[Date "2019.01.22"]
[Round "3"]
[White "Kanzler, Karina Daniela Ferr"]
[Black "Campos, Alexandre Ferreira"]
[Result "1-0"]
[WhiteElo "1856"]
[BlackElo "2073"]
[PlyCount "63"]
[EventDate "2019.01.21"]
[EventType "swiss"]
[EventRounds "10"]
[EventCountry "BRA"]
[SourceTitle "CBM 188 Extra"]
[Source "ChessBase"]
[SourceDate "2019.02.28"]
[SourceVersion "1"]
[SourceVersionDate "2019.02.28"]
[SourceQuality "1"]

1. d4 f5 2. c4 Nf6 3. Nc3 g6 4. Bf4 Bg7 5. h3 d6 6. Nf3 Nbd7 7. e3 0-0 8. Ng5 Nb6 9. c5 dxc5 10. Qb3+ Nbd5 11. dxc5 e6 12. Be5 h6 13. Nf3 c6 14. Bd6 Re8 15. Ne5 Nxc3 16. bxc3 Ne4 17. Rd1 Nxd6 18. Nc4 Ne4 19. Rxd8 Rxd8 20. Qa3 Bxc3+ 21. Ke2 Bf6 22. g4 Be7 23. gxf5 Bxc5 24. Qb3 b5 25. Ne5 gxf5 26. Rg1+ Kh7 27. f3 Nd2 28. Qc2 Be7 29. Qxc6 Rb8 30. Qc1 Bb7 31. Qc7 Re8 32. Kxd2 1-0